La defensa, lenguaje de la esperanza. Parte 4: esperanza cristiana, proyecto histórico y dimensión utópica de la liberación /
Bewaard in:
| Hoofdauteur: | |
|---|---|
| Coauteur: | |
| Formaat: | Conferentie akten |
| Tags: |
Voeg label toe
Geen labels, Wees de eerste die dit record labelt!
|
MARC
| LEADER | 00000 a a2200000 04500 | ||
|---|---|---|---|
| 001 | 45054 | ||
| 003 | |||
| 040 | |||
| 100 | |a Morales, Alberto | ||
| 111 | |a Encuentro de científicos sociales y teólogos sobre el tema "El discernimiento de las utopías", 2 | ||
| 245 | |a La defensa, lenguaje de la esperanza. Parte 4: |b esperanza cristiana, proyecto histórico y dimensión utópica de la liberación / |c Alberto Morales | ||
| 773 | |g páginas 421-426 | ||
| 999 | |c 30362 |d 30362 | ||
